Dos amigos /
Guardado en:
| Autor Principal: | |
|---|---|
| Otros Autores: | |
| Formato: | Libro |
| Publicado: |
Buenos Aires :
Aique
|
| Series: | La bibliotequita. Serie Primer estante
|
| Materias: | |
| Etiquetas: |
Agregar Etiqueta
Sin Etiquetas, Sea el primero en etiquetar este registro!
|
| LEADER | 00721nam a22002415a 4500 | ||
|---|---|---|---|
| 001 | CEM.cems012610 | ||
| 005 | 20070823182214.0 | ||
| 008 | 130507b######################000#0#####d | ||
| 003 | CEMS | ||
| 020 | |a 9509003891 | ||
| 082 | 0 | 4 | |a SG372.24 |
| 100 | 1 | |a Cukier, Zulema | |
| 245 | 1 | 0 | |a Dos amigos / |c Zulema Cukier ; ilustraciones de Silvia Ubertalli |
| 260 | |a Buenos Aires : |b Aique | ||
| 300 | |a 16 p. | ||
| 490 | 0 | |a La bibliotequita. Serie Primer estante | |
| 653 | |a Literatura | ||
| 653 | |a Literatura infantil | ||
| 653 | |a Cuentos | ||
| 653 | |a Cuentos-1º egb | ||
| 653 | |a Biblioteca maría de los angeles saggio | ||
| 700 | 1 | |a Ubertalli, Silvia, il. | |
| 859 | |a CEMS |b BIB. CEMS - 11 de abril |h SG372.24 |i D74 |p 23841.07 |t Ej.1 | ||
